| 000 | 00529nam a2200169Ia 4500 | ||
|---|---|---|---|
| 003 | IN-BaIIA | ||
| 008 | 211028s9999 xx 000 0 eng d | ||
| 040 | _cIIA Library | ||
| 080 |
_a058(100) _bSAC |
||
| 245 | 0 |
_aCompetition success review: year book,1996 _cedited by S. K. Sachdeva |
|
| 260 |
_aNew Delhi _bCompetition Review _c1996 |
||
| 300 | _a826p. | ||
| 650 |
_aCompetition success _920581 |
||
| 650 |
_aYear book 1996 _920582 |
||
| 700 |
_aSachdeva, S.K. ed. _913328 |
||
| 942 | _cBK | ||
| 999 |
_c11854 _d11854 |
||